Countries of Europe in alphabetical order - Statistics

General Stats
  • This quiz has been taken 52 times
  • The average score is 37 of 45
Answer Stats
Picture Answer % Correct
Albania
97%
Andorra
94%
Austria
91%
Bosnia and Herzegovina
91%
Croatia
91%
Denmark
91%
France
91%
Germany
91%
Greece
91%
Ireland
91%
Italy
91%
Belarus
88%
Belgium
88%
Hungary
88%
Iceland
88%
Norway
88%
Finland
84%
Estonia
81%
Latvia
81%
Lithuania
81%
Luxembourg
81%
Malta
81%
Portugal
81%
Russia
81%
Bulgaria
78%
Kosovo
78%
Liechtenstein
78%
Poland
78%
Romania
78%
United Kingdom
78%
Moldova
75%
Netherlands
75%
Slovakia
75%
Spain
75%
Sweden
75%
Ukraine
75%
Vatican City
75%
Czechia
72%
Monaco
72%
Montenegro
72%
North Macedonia
72%
San Marino
72%
Serbia
72%
Slovenia
72%
Switzerland
72%
No matching quizzes found
Score Distribution
Percent of People with Each Score
Percentile by Number Answered
Your Score History
You have not taken this quiz